[Event "Druga liga Srbije grupa Vojvodina 2011"]
[Site "Vrbas"]
[Date "2011.09.25"]
[Round "1.1"]
[White "Besedes, Danilo"]
[Black "Skoko, Milan"]
[Result "0-1"]
[WhiteElo "1801"]
[BlackElo "2218"]
[PlyCount "96"]
[EventDate "2011.09.25"]

1. e4 c5 2. Nf3 Nc6 3. d4 cxd4 4. Nxd4 Nf6 5. Nc3 e5 6. Ndb5 d6 7. Bg5 a6 8.
Na3 Be6 9. Nc4 Rc8 10. Bxf6 gxf6 11. Ne3 Bh6 12. Ncd5 Bxe3 13. Nxe3 Qb6 14. Be2
Qxb2 15. O-O Qd4 16. Qb1 Rc7 17. Rd1 Qc5 18. Rd5 Bxd5 19. Nxd5 Nd4 20. Nxc7+
Qxc7 21. Bd3 Ke7 22. Qb2 Rd8 23. Rb1 Rd7 24. c3 Ne6 25. Be2 Qc6 26. Rd1 Rc7 27.
Qd2 Ng5 28. f3 Qc5+ 29. Kf1 Rc6 30. Rb1 Rc7 31. Rd1 h5 32. h4 Ne6 33. g3 Rc8
34. Rb1 Rc7 35. Rd1 b5 36. f4 exf4 37. gxf4 Rc8 38. Bxh5 Rh8 39. Bf3 Rxh4 40.
e5 fxe5 41. f5 Rf4 42. fxe6 Rxf3+ 43. Kg2 Rf4 44. exf7 Rxf7 45. Qg5+ Kd7 46.
Qg4+ Ke7 47. Qg3 Qc6+ 48. Kg1 Qf3 0-1

[Event "Druga liga Srbije grupa Vojvodina 2011"]
[Site "Vrbas"]
[Date "2011.09.25"]
[Round "1.1"]
[White "Kovacevic, Dragan"]
[Black "Milovic, Nikola"]
[Result "1-0"]
[WhiteElo "2236"]
[BlackElo "1967"]
[PlyCount "103"]
[EventDate "2011.09.25"]

1. e4 e5 2. Nf3 Nc6 3. Bc4 Bc5 4. b4 Bxb4 5. c3 Be7 6. d4 d6 7. Qb3 Na5 8.
Bxf7+ Kf8 9. Qa4 Kxf7 10. Qxa5 b6 11. Qa4 Bf6 12. O-O Bd7 13. Qc2 h6 14. Bb2
Ne7 15. Nbd2 Rf8 16. c4 Ng6 17. c5 Kg8 18. cxd6 cxd6 19. Nc4 Rc8 20. Qb3 Be6
21. d5 Bg4 22. Nfd2 Bh4 23. f3 Bh5 24. Kh1 Nh8 25. Bc1 Be8 26. Ne3 Bg5 27. Rd1
Bf4 28. Ndf1 Bg5 29. Nf5 Bf6 30. Ba3 Nf7 31. Rdc1 Rxc1 32. Rxc1 g6 33. N5e3 Bd7
34. Rc3 b5 35. Bc1 Qb6 36. Ng4 Bg7 37. Be3 Qb7 38. Nd2 Rc8 39. Kg1 a5 40. Nf2
Bf6 41. g3 Kh7 42. Kg2 a4 43. Qb4 Bd8 44. Rxc8 Qxc8 45. f4 Qa6 46. Nf3 Ba5 47.
Qb2 exf4 48. gxf4 Qb7 49. Qf6 Kg8 50. Bd4 Kf8 51. Qg7+ Ke8 52. Bf6 1-0

[Event "Druga liga Srbije grupa Vojvodina 2011"]
[Site "Vrbas"]
[Date "2011.09.25"]
[Round "1.1"]
[White "Petakov, Uros"]
[Black "Vukic, Radivoj"]
[Result "1/2-1/2"]
[WhiteElo "2352"]
[BlackElo "2336"]
[PlyCount "44"]
[EventDate "2011.09.25"]

1. d4 Nf6 2. Nd2 d5 3. Ngf3 Bf5 4. c4 c6 5. e3 e6 6. Be2 Bd6 7. O-O Nbd7 8. Nh4
Bg6 9. Nxg6 hxg6 10. f4 c5 11. cxd5 exd5 12. Nf3 Qb6 13. a4 a6 14. a5 Qc7 15.
Ne5 Rd8 16. Bf3 Ne4 17. Qb3 Ndf6 18. Rd1 cxd4 19. exd4 O-O 20. Nxg6 fxg6 21.
Bxe4 Bxf4 22. Bxf4 Qxf4 1/2-1/2

[Event "Druga liga Srbije grupa Vojvodina 2011"]
[Site "Vrbas"]
[Date "2011.09.25"]
[Round "1.1"]
[White "Remecki, Sinisa"]
[Black "Stanojevic, Branko"]
[Result "0-1"]
[WhiteElo "2229"]
[BlackElo "2282"]
[PlyCount "87"]
[EventDate "2011.09.25"]

1. e4 e6 2. Qe2 c5 3. Nf3 Nc6 4. g3 g6 5. Bg2 Bg7 6. O-O d6 7. c3 Nge7 8. d3 b6
9. Nbd2 a5 10. Rd1 a4 11. a3 Ba6 12. h4 h6 13. Nf1 Na5 14. Bf4 Nb3 15. Rab1 e5
16. Be3 O-O 17. N1d2 Nd4 18. cxd4 cxd4 19. Bxd4 exd4 20. b3 Rc8 21. bxa4 Rc3
22. Nc4 Bxc4 23. dxc4 Rxa3 24. Rb4 Nc6 25. Qb2 Rc3 26. Rxb6 Rxc4 27. Nd2 Rc3
28. Qb5 Rc5 29. Qa6 Ra5 30. Qb7 Ne5 31. Ra6 Rxa6 32. Qxa6 Qc7 33. Nf3 Qc2 34.
Qf1 Nxf3+ 35. Bxf3 Qxa4 36. Be2 Rc8 37. Rc1 Rc3 38. Bd3 Qa3 39. Ra1 Qc5 40. Qe2
Be5 41. Kg2 Kg7 42. Rb1 Qc6 43. Bb5 Qa8 44. Bc4 0-1

[Event "Druga liga Srbije grupa Vojvodina 2011"]
[Site "Vrbas"]
[Date "2011.09.25"]
[Round "1.1"]
[White "Somborski, Nebojsa"]
[Black "Indjic, Dusan"]
[Result "1/2-1/2"]
[WhiteElo "2355"]
[BlackElo "2283"]
[PlyCount "128"]
[EventDate "2011.09.25"]

1. e4 c5 2. Nf3 Nc6 3. d4 cxd4 4. Nxd4 Nf6 5. Nc3 d6 6. Bg5 Bd7 7. Qd2 Rc8 8.
Nxc6 bxc6 9. Be2 e5 10. O-O h6 11. Bh4 g5 12. Bg3 Be7 13. Rfd1 h5 14. f3 h4 15.
Bf2 g4 16. Be3 h3 17. g3 gxf3 18. Bxf3 Ng4 19. Bxg4 Bxg4 20. Re1 Rc7 21. b4 Rb7
22. b5 Qd7 23. Bg5 Be6 24. Bxe7 Qxe7 25. a4 Rg8 26. Rad1 Rg6 27. Qe3 a6 28.
bxa6 Rc7 29. a7 Rxa7 30. Rxd6 Qxd6 31. Qxa7 Kf8 32. Qe3 Bc4 33. Ra1 Rf6 34. Rb1
Qd4 35. Qxd4 exd4 36. e5 Rf5 37. Ne4 Rxe5 38. Nf2 Be6 39. Ra1 Ra5 40. Kf1 c5
41. c3 dxc3 42. Ne4 c2 43. Nc3 Bf5 44. Ke2 c4 45. Kd2 Bd3 46. Nb5 Ke7 47. Nd4
Rd5 48. Kc3 Kd7 49. Nxc2 Bxc2 50. Kxc2 Rf5 51. a5 Kc7 52. a6 Kb8 53. Kc3 Rf2
54. Rh1 Ka7 55. Kxc4 Kxa6 56. Kd4 Kb5 57. Ke3 Rf6 58. Rc1 Kb4 59. Rc8 Re6+ 60.
Kf3 Rf6+ 61. Kg4 Rf2 62. Kxh3 f5 63. Kh4 Rxh2+ 64. Kg5 Rg2 1/2-1/2

[Event "Druga liga Srbije grupa Vojvodina 2011"]
[Site "Vrbas"]
[Date "2011.09.25"]
[Round "1.2"]
[White "Erski, Dragan"]
[Black "Radanovic, Borislav"]
[Result "0-1"]
[WhiteElo "2167"]
[BlackElo "2238"]
[PlyCount "108"]
[EventDate "2011.09.25"]

1. e4 g6 2. d4 d6 3. Bd3 Bg7 4. Ne2 e5 5. c3 Ne7 6. O-O O-O 7. f4 exf4 8. Bxf4
d5 9. Nd2 c6 10. Bg5 Qc7 11. Qe1 h6 12. Bf4 Qb6 13. b4 dxe4 14. Nxe4 Nd5 15.
Bd2 Bg4 16. h3 Bxe2 17. Qxe2 Nd7 18. Kh1 Rae8 19. Qf2 f5 20. Nc5 Nxc5 21. bxc5
Qd8 22. Rae1 Rxe1 23. Rxe1 Re8 24. Re2 Rxe2 25. Qxe2 Kf7 26. Qf3 Qf6 27. g4
fxg4 28. Qxg4 Ne7 29. Bf4 Qe6 30. Qxe6+ Kxe6 31. Bd6 Nd5 32. Bc4 Kf5 33. Bd3+
Kg5 34. Bc4 Nxc3 35. Be6 Bxd4 36. a3 Ne4 37. Be7+ Kf4 38. Bf8 h5 39. Bc8 Bxc5
40. Bh6+ Kg3 41. Bxb7 Bxa3 42. Bxc6 Nf2+ 43. Kg1 Nxh3+ 44. Kf1 g5 45. Be8 h4
46. Bd7 Bc1 47. Bg7 Be3 48. Bf6 g4 49. Be5+ Nf4 50. Bc7 h3 51. Bc8 h2 52. Bb7
Bd2 53. Bd6 a5 54. Bc5 Bc1 0-1

[Event "Druga liga Srbije grupa Vojvodina 2011"]
[Site "Vrbas"]
[Date "2011.09.25"]
[Round "1.2"]
[White "Kracunov, Bozidar"]
[Black "Nadj, Vladimir"]
[Result "1/2-1/2"]
[WhiteElo "2078"]
[BlackElo "2156"]
[PlyCount "112"]
[EventDate "2011.09.25"]

1. d4 Nf6 2. c4 g6 3. Nc3 Bg7 4. e4 d6 5. f4 O-O 6. Nf3 c5 7. d5 e6 8. Be2 exd5
9. exd5 Re8 10. O-O Bf5 11. Bd3 Bxd3 12. Qxd3 Na6 13. a3 Nc7 14. Bd2 Qd7 15. h3
a6 16. a4 Re7 17. b3 Rae8 18. Rae1 Rxe1 19. Rxe1 Rxe1+ 20. Bxe1 Qe7 21. g4 Nce8
22. Bf2 Nd7 23. Ne4 Ndf6 24. Nfd2 Nxe4 25. Qxe4 Kf8 26. Qxe7+ Kxe7 27. Ne4 h6
28. Kg2 Kd7 29. Kf3 Nc7 30. g5 h5 31. f5 Be5 32. f6 Bb2 33. Bg3 Ne8 34. Bf4 Bd4
35. Bd2 Nc7 36. Bf4 Ne8 37. Ke2 Bb2 38. Kd3 Ba1 39. Kc2 Bd4 40. Kb1 a5 41. Kc2
b6 42. Kd3 Bb2 43. Ng3 Bd4 44. Ne2 Bb2 45. Ke4 Ba1 46. Ng3 Bc3 47. Ne2 Bb2 48.
Bd2 Be5 49. Bc3 Bxc3 50. Nxc3 Nc7 51. Ne2 Na6 52. Nf4 Nb4 53. h4 Nc2 54. Kd3
Nd4 55. Kc3 Ke8 56. Ng2 Kd8 1/2-1/2

[Event "Druga liga Srbije grupa Vojvodina 2011"]
[Site "Vrbas"]
[Date "2011.09.25"]
[Round "1.2"]
[White "Rajic, Dobrivoje"]
[Black "Luketa, Milan"]
[Result "0-1"]
[WhiteElo "2120"]
[BlackElo "2121"]
[PlyCount "66"]
[EventDate "2011.09.25"]

1. d4 d5 2. Nf3 Nf6 3. c4 e6 4. Nc3 Be7 5. Bf4 O-O 6. e3 b6 7. cxd5 exd5 8. Bd3
Bg4 9. h3 Bxf3 10. Qxf3 c6 11. g4 Ne8 12. O-O-O a5 13. h4 a4 14. h5 a3 15. Be5
axb2+ 16. Kb1 Nd6 17. g5 Bxg5 18. Qg3 Ne8 19. Bxg7 Nxg7 20. h6 Ne6 21. f4 Qd6
22. Qh3 f6 23. Qf5 Rf7 24. Kxb2 Nd7 25. Rhg1 Qb4+ 26. Kc2 Ra3 27. Kd2 Qxc3+ 28.
Ke2 Rxa2+ 29. Kf3 Ndf8 30. Rg3 Qb2 31. Rf1 Qh2 32. Qg4 Rd2 33. Rh3 Nxd4+ 0-1

[Event "Druga liga Srbije grupa Vojvodina 2011"]
[Site "Vrbas"]
[Date "2011.09.25"]
[Round "1.2"]
[White "Zolotic, Zoran"]
[Black "Tomin, Nenad"]
[Result "1-0"]
[WhiteElo "2238"]
[BlackElo "1820"]
[PlyCount "161"]
[EventDate "2011.09.25"]

1. Nf3 Nf6 2. c4 g6 3. b3 Bg7 4. Bb2 O-O 5. g3 d6 6. d4 Bf5 7. Bg2 c6 8. O-O
Qd7 9. Re1 Na6 10. Nc3 Ne4 11. Nh4 Nxc3 12. Bxc3 Bh3 13. Bh1 f5 14. Ng2 f4 15.
Qd3 Qg4 16. Rad1 Rf7 17. gxf4 Bxg2 18. Bxg2 Rxf4 19. Qg3 Raf8 20. e3 Qxg3 21.
fxg3 Rf2 22. Rd2 Rxd2 23. Bxd2 Nc7 24. Rc1 Bh6 25. Rf1 Rxf1+ 26. Kxf1 d5 27.
Ke2 e6 28. Kd3 Kf7 29. Be1 Ne8 30. a4 Ke7 31. e4 Nf6 32. exd5 exd5 33. Bf3 Ke6
34. Bg2 Kd7 35. Bb4 dxc4+ 36. bxc4 Bg7 37. Bh3+ Kc7 38. Be6 b6 39. Be7 Ne8 40.
Bg5 Kd6 41. Bh3 h6 42. Bf4+ Ke7 43. Bb8 a6 44. Bc8 b5 45. cxb5 cxb5 46. a5 Nd6
47. Bxa6 Nc4 48. Bxb5 Nxa5 49. Ba7 Nb7 50. Bc6 Nd8 51. Bc5+ Kf7 52. Bd5+ Ke8
53. Ke4 Kd7 54. g4 Ne6 55. Bxe6+ Kxe6 56. d5+ Kd7 57. h3 Bf6 58. Bd4 Bd8 59.
Be3 h5 60. g5 Bc7 61. Bd4 Bg3 62. Be3 Kd6 63. Bc1 Bh2 64. Be3 Bg3 65. Bg1 Kd7
66. Bc5 Bh2 67. Bf8 Bg3 68. Bg7 Kd6 69. Bb2 Bh2 70. Ba3+ Kd7 71. Bc1 Bd6 72.
Bf4 Ba3 73. Kd4 Bf8 74. h4 Be7 75. Ke5 Bd6+ 76. Kf6 Bxf4 77. Kxg6 Kd6 78. Kxh5
Kxd5 79. Kg6 Ke6 80. Kh7 Be5 81. g6 1-0

[Event "Druga liga Srbije grupa Vojvodina 2011"]
[Site "Vrbas"]
[Date "2011.09.25"]
[Round "1.3"]
[White "Cerovic, Danilo"]
[Black "Sekulic, Dusan"]
[Result "1-0"]
[WhiteElo "2305"]
[BlackElo "2302"]
[PlyCount "117"]
[EventDate "2011.09.25"]

1. e4 e5 2. Nf3 Nc6 3. Bc4 Bc5 4. O-O d6 5. c3 Qe7 6. d4 Bb6 7. h3 Nf6 8. Re1
O-O 9. Bg5 h6 10. Bh4 g5 11. Nxg5 hxg5 12. Bxg5 Kg7 13. Re3 Qe8 14. Rg3 Ne7 15.
Qf3 Ng4 16. Bf6+ Kg6 17. hxg4 Be6 18. dxe5 dxe5 19. Bxe5 f6 20. Bxe6 fxe5 21.
Bf5+ Kg7 22. Nd2 Qb5 23. Nb3 a5 24. Qd3 Qc6 25. Qd2 Qf6 26. Rh3 Rad8 27. g5 Qc6
28. Qc2 Rh8 29. Rxh8 Rxh8 30. Rd1 Qe8 31. Qe2 Rf8 32. g4 Ng6 33. Rd7+ Rf7 34.
Rxf7+ Qxf7 35. Qb5 Qe7 36. Nd2 Qd6 37. Qd7+ Qxd7 38. Bxd7 Nf4 39. Nc4 Nd3 40.
Kf1 Kg6 41. Ke2 Nf4+ 42. Kf3 Nd3 43. Bb5 c6 44. Nxb6 cxb5 45. Nd7 Kxg5 46. Kg3
Kg6 47. Kf3 Nxb2 48. Nxe5+ Kf6 49. Kf4 Nd1 50. g5+ Kg7 51. Nd3 Nxc3 52. Ke5 b4
53. f4 Nxa2 54. f5 b3 55. f6+ Kg8 56. Ke6 Nb4 57. f7+ Kf8 58. Ne5 b2 59. Nd7+
1-0

[Event "Druga liga Srbije grupa Vojvodina 2011"]
[Site "Vrbas"]
[Date "2011.09.25"]
[Round "1.3"]
[White "Gavric, Zivojin"]
[Black "Popov, Stevan"]
[Result "1/2-1/2"]
[WhiteElo "2099"]
[BlackElo "2209"]
[PlyCount "55"]
[EventDate "2011.09.25"]

1. e4 e5 2. Nf3 Nc6 3. Bb5 a6 4. Bxc6 dxc6 5. d4 exd4 6. Qxd4 Qxd4 7. Nxd4 Bd7
8. Be3 O-O-O 9. Nd2 Re8 10. O-O-O c5 11. Ne2 b6 12. Bf4 Bc6 13. f3 Ne7 14. Rhe1
Ng6 15. Bg3 Be7 16. Nf4 Nxf4 17. Bxf4 h6 18. Nc4 Bf6 19. Ne3 Be5 20. Bxe5 Rxe5
21. Rd2 Rhe8 22. Red1 h5 23. c3 g6 24. Nd5 R5e6 25. Nf4 Re5 26. Nd5 R5e6 27.
Nf4 Re5 28. Nd5 1/2-1/2

[Event "Druga liga Srbije grupa Vojvodina 2011"]
[Site "Vrbas"]
[Date "2011.09.25"]
[Round "1.3"]
[White "Mijatovic, Dejan"]
[Black "Elez, Nikola"]
[Result "1-0"]
[WhiteElo "2276"]
[BlackElo "2155"]
[PlyCount "89"]
[EventDate "2011.09.25"]

1. d4 d6 2. c4 e5 3. e3 Nd7 4. Nc3 g6 5. g3 Bg7 6. Bg2 Ne7 7. Nge2 O-O 8. O-O
c6 9. b3 Qc7 10. a4 Nf5 11. Ba3 exd4 12. exd4 Re8 13. Ra2 Nf6 14. h3 Bd7 15. g4
Nh4 16. Bh1 h5 17. f3 d5 18. Bc1 hxg4 19. hxg4 dxc4 20. bxc4 Be6 21. Bg5 Nxf3+
22. Bxf3 Bxc4 23. Rb2 Qd7 24. Rb4 Bxe2 25. Nxe2 Nxg4 26. Qb3 Rab8 27. d5 Ne5
28. Bg2 c5 29. Rh4 f5 30. Qg3 Ng4 31. Bf3 Ne5 32. Nf4 Qxa4 33. Nxg6 Qb3 34.
Nxe5 Bxe5 35. Bf4+ Bg7 36. Bxb8 Qc3 37. Bf4 Kf8 38. Bd6+ Kg8 39. Bf4 Kf8 40.
Rh5 Qd3 41. Qh3 Qd4+ 42. Kh1 Kg8 43. d6 Re6 44. Qxf5 Qc4 45. Qxe6+ 1-0

[Event "Druga liga Srbije grupa Vojvodina 2011"]
[Site "Vrbas"]
[Date "2011.09.25"]
[Round "1.3"]
[White "Sevo, Dusan"]
[Black "Zobenica, Ivan"]
[Result "1-0"]
[WhiteElo "2268"]
[BlackElo "2034"]
[PlyCount "81"]
[EventDate "2011.09.25"]

1. e4 c5 2. Nf3 e6 3. d3 Nc6 4. g3 g6 5. c3 Bg7 6. Be3 d6 7. d4 cxd4 8. Nxd4 a6
9. Bg2 Nge7 10. Na3 Qc7 11. O-O O-O 12. Nxc6 bxc6 13. Qd2 Rb8 14. Rfd1 Rd8 15.
Bc5 d5 16. Rab1 Rd7 17. c4 dxe4 18. Bd6 Qd8 19. c5 Nf5 20. Bxe4 Nxd6 21. cxd6
Bf8 22. Nc4 Bb7 23. Qf4 f5 24. Bf3 c5 25. Bxb7 Rbxb7 26. Qe5 Qe8 27. Qxc5 Rb5
28. Qc6 e5 29. a4 Rbb7 30. Qd5+ Kh8 31. Nxe5 Rxd6 32. Qxb7 Qxe5 33. Rxd6 Qxd6
34. Rc1 Kg8 35. Rc8 Qd1+ 36. Kg2 Qxa4 37. Qd5+ Kg7 38. Qe5+ Kg8 39. Qe7 Qe4+
40. Qxe4 fxe4 41. Ra8 1-0

[Event "Druga liga Srbije grupa Vojvodina 2011"]
[Site "Vrbas"]
[Date "2011.09.25"]
[Round "1.3"]
[White "Subotic, Srbislav"]
[Black "Lalic, Dragan"]
[Result "0-1"]
[WhiteElo "2177"]
[BlackElo "2308"]
[PlyCount "115"]
[EventDate "2011.09.25"]

1. e4 d6 2. d4 Nf6 3. Nc3 g6 4. Bg5 c6 5. f4 b5 6. Bd3 Nbd7 7. e5 b4 8. Nce2
Nd5 9. Qd2 f6 10. exf6 exf6 11. Bh4 Bh6 12. Nf3 O-O 13. O-O Qe7 14. Bf2 f5 15.
Rae1 N7f6 16. Bh4 Qe3+ 17. Kh1 Qxd2 18. Nxd2 Re8 19. Nc4 Bf8 20. Na5 Bd7 21.
Bxf6 Nxf6 22. Ng3 Rab8 23. Kg1 d5 24. Nb3 Ne4 25. Bxe4 dxe4 26. Ne2 Be6 27.
Nec1 Red8 28. Re3 Rb5 29. Rd1 a5 30. c3 a4 31. Nd2 bxc3 32. bxc3 c5 33. Nf3 Rb2
34. Ne5 cxd4 35. cxd4 Bxa2 36. Nxa2 Rxa2 37. Kf1 Rc2 38. Re2 Rc3 39. Ra2 a3 40.
Ke2 Rd5 41. g3 Kg7 42. Rb1 Rxd4 43. Rb7+ Kg8 44. Nd7 Be7 45. Ne5 Kf8 46. Rb8+
Rd8 47. Rb7 Rdc8 48. Rd2 R3c7 49. Rb5 Rc2 50. Rb7 Rxd2+ 51. Kxd2 Ra8 52. Rb1 a2
53. Ra1 Ke8 54. Kc3 Bf6 55. Kc4 Bxe5 56. fxe5 Ke7 57. Kd5 Ra5+ 58. Kd4 0-1

[Event "Druga liga Srbije grupa Vojvodina 2011"]
[Site "Vrbas"]
[Date "2011.09.25"]
[Round "1.4"]
[White "Bogic, Stevan"]
[Black "Popov, Zoran"]
[Result "1-0"]
[WhiteElo "2202"]
[BlackElo "2113"]
[PlyCount "101"]
[EventDate "2011.09.25"]

1. d4 Nf6 2. c4 c5 3. d5 b5 4. cxb5 a6 5. Nc3 axb5 6. e4 b4 7. Nb5 d6 8. Bf4
Nbd7 9. Nf3 Nh5 10. Bg5 Qb6 11. Nd2 Nhf6 12. Bxf6 exf6 13. Nc4 Qb8 14. a4 Be7
15. Be2 O-O 16. O-O Nb6 17. Ne3 Bd7 18. b3 Re8 19. Qc2 Bf8 20. Rad1 Nc8 21.
Rfe1 Na7 22. Nxa7 Rxa7 23. Bg4 Bxg4 24. Nxg4 Rae7 25. f3 f5 26. Nf2 fxe4 27.
Rxe4 Rxe4 28. Nxe4 Qd8 29. Qd3 g6 30. g3 f5 31. Nd2 Bg7 32. Nc4 f4 33. Kg2 Bc3
34. a5 Bd4 35. Qd2 fxg3 36. hxg3 Qe7 37. Rh1 Bc3 38. Qd3 Bd4 39. Rf1 Qf6 40.
Rd1 Qg5 41. Nxd6 Re3 42. Qc4 Rc3 43. Ne4 Rxc4 44. Nxg5 Rc2+ 45. Kh3 Ra2 46. Ne6
Rxa5 47. d6 Bf6 48. d7 Ra8 49. d8=Q+ Bxd8 50. Nxd8 Ra3 51. Rb1 1-0

[Event "Druga liga Srbije grupa Vojvodina 2011"]
[Site "Vrbas"]
[Date "2011.09.25"]
[Round "1.4"]
[White "Bucan, Vladimir"]
[Black "Kolognat, Petar"]
[Result "1/2-1/2"]
[WhiteElo "2104"]
[BlackElo "2284"]
[PlyCount "78"]
[EventDate "2011.09.25"]

1. d4 Nf6 2. Nf3 d6 3. e3 g6 4. b3 Bg7 5. Bb2 c6 6. Nbd2 Nbd7 7. Be2 O-O 8. O-O
Qc7 9. Re1 Re8 10. a4 b6 11. Nc4 Bb7 12. a5 Rad8 13. axb6 axb6 14. Qc1 Ra8 15.
h3 Rxa1 16. Qxa1 Ra8 17. Qb1 b5 18. Ncd2 Qa5 19. Qa1 Qb6 20. Qb1 c5 21. c4 bxc4
22. bxc4 Bxf3 23. Bxf3 Rb8 24. Bc3 Qxb1 25. Rxb1 Rxb1+ 26. Nxb1 e6 27. Bc6 Kf8
28. Kf1 Ke7 29. Ke2 cxd4 30. exd4 e5 31. Nd2 exd4 32. Bxd4 Ne8 33. Be3 Nc7 34.
Nb3 Ne5 35. Bb5 d5 36. Bc5+ Kd8 37. Na5 Nxc4 38. Bxc4 dxc4 39. Nxc4 Ne6 1/2-1/2

[Event "Druga liga Srbije grupa Vojvodina 2011"]
[Site "Vrbas"]
[Date "2011.09.25"]
[Round "1.4"]
[White "Djonin, Bosko"]
[Black "Sertic, Rudolf"]
[Result "1-0"]
[WhiteElo "2267"]
[BlackElo "2430"]
[PlyCount "87"]
[EventDate "2011.09.25"]

1. e4 c5 2. c3 d5 3. exd5 Qxd5 4. d4 e6 5. Nf3 Nf6 6. Bd3 cxd4 7. cxd4 Bb4+ 8.
Nc3 O-O 9. O-O Bxc3 10. bxc3 Nbd7 11. Qe2 b6 12. Rb1 Bb7 13. Rb5 Qc6 14. Rb3 a6
15. c4 Rfe8 16. Bf4 Rac8 17. Rfb1 Ba8 18. Qb2 h6 19. Bf1 Qe4 20. Bg3 Bc6 21. h3
Qf5 22. Re1 Qg6 23. Rbe3 Ba8 24. Qa3 a5 25. Nh4 Qh7 26. Bd3 g6 27. Qa4 Qg7 28.
Nf3 Bc6 29. Qb3 Nh5 30. d5 Ba8 31. Qb5 Nc5 32. dxe6 Rxe6 33. Rxe6 fxe6 34. Be5
Qf7 35. Bf1 Bxf3 36. gxf3 Qxf3 37. Qxb6 Qf5 38. Qd6 a4 39. Bd4 Nf4 40. Re5
Nxh3+ 41. Bxh3 Qxh3 42. Rxc5 Qg4+ 43. Qg3 Qd1+ 44. Kg2 1-0

[Event "Druga liga Srbije grupa Vojvodina 2011"]
[Site "Vrbas"]
[Date "2011.09.25"]
[Round "1.4"]
[White "Mastrapovic, Vladimir"]
[Black "Petrovic, Lazar"]
[Result "1-0"]
[WhiteElo "2260"]
[BlackElo "2113"]
[PlyCount "73"]
[EventDate "2011.09.25"]

1. e4 c5 2. Nf3 d6 3. d4 cxd4 4. Nxd4 Nf6 5. Nc3 a6 6. Be3 e6 7. Qd2 b5 8. f3
Nbd7 9. g4 Nb6 10. g5 Nfd7 11. a4 Nc4 12. Bxc4 bxc4 13. h4 Qc7 14. h5 Rb8 15.
Nd1 Nc5 16. Qe2 Rb4 17. a5 Bd7 18. Bd2 Ra4 19. Rb1 Nb7 20. Bc3 e5 21. Nf5 d5
22. h6 gxh6 23. exd5 Bxf5 24. Bxe5 Qe7 25. Bxh8 Qxe2+ 26. Kxe2 Bxc2 27. Nc3
Bd3+ 28. Ke3 Rxa5 29. Ra1 hxg5 30. Bf6 h6 31. Ne4 Kd7 32. Rxa5 Nxa5 33. Ra1 Bb4
34. Bc3 Bxe4 35. Bxb4 Nb3 36. Rxa6 Bxd5 37. Rd6+ 1-0

[Event "Druga liga Srbije grupa Vojvodina 2011"]
[Site "Vrbas"]
[Date "2011.09.25"]
[Round "1.4"]
[White "Vlahovic, Bogdan"]
[Black "Indjic, Aleksandar"]
[Result "0-1"]
[WhiteElo "2356"]
[BlackElo "2391"]
[PlyCount "78"]
[EventDate "2011.09.25"]

1. Nf3 g6 2. e4 Bg7 3. h4 h5 4. Bc4 c6 5. Ng5 d5 6. Qf3 Nf6 7. Bb3 O-O 8. Qe2
Na6 9. O-O Nc5 10. e5 Ng4 11. d4 Nxb3 12. axb3 f6 13. Nf3 fxe5 14. Nxe5 Nxe5
15. dxe5 Rf5 16. f4 b6 17. Nd2 Rf8 18. Nf3 Bg4 19. Be3 e6 20. Qe1 c5 21. Rc1 a5
22. Ng5 Bf5 23. Bd2 Bh6 24. Qg3 Qd7 25. Rf2 a4 26. bxa4 Rxa4 27. b4 Rfa8 28.
bxc5 bxc5 29. Qb3 Bf8 30. c4 d4 31. Nf3 Ra3 32. Qb6 R3a6 33. Qb3 Qc6 34. Kh2
Ra2 35. Be1 R2a3 36. Qb2 Qa4 37. Qb7 Rb3 38. Qc7 Qa6 39. Qd7 Rb7 0-1

[Event "Druga liga Srbije grupa Vojvodina 2011"]
[Site "Vrbas"]
[Date "2011.09.25"]
[Round "1.4"]
[White "Vujadinovic, Goran"]
[Black "Mitrovanov, Djordje"]
[Result "1-0"]
[WhiteElo "2370"]
[BlackElo "2134"]
[PlyCount "57"]
[EventDate "2011.09.25"]

1. g3 d5 2. Nf3 Nf6 3. Bg2 Nc6 4. O-O e5 5. d3 Bd6 6. c3 O-O 7. Nbd2 Ne7 8. e4
dxe4 9. dxe4 b5 10. Re1 h6 11. a4 c6 12. Bf1 Rb8 13. axb5 cxb5 14. Rxa7 Bc5 15.
Ra1 Qb6 16. Re2 Ng4 17. Qe1 Qg6 18. Nh4 Qh5 19. h3 g5 20. hxg4 Qxg4 21. Ng2
Qxg3 22. Nb3 Bb6 23. Be3 Qg4 24. Rd2 Ng6 25. Bxb6 Rxb6 26. Qe2 Qe6 27. Nc5 Qe7
28. Qe3 Kg7 29. Nd7 1-0

[Event "Druga liga Srbije grupa Vojvodina 2011"]
[Site "Vrbas"]
[Date "2011.09.25"]
[Round "1.4"]
[White "Zivkovic, Negosim"]
[Black "Marcak, Dejan"]
[Result "1/2-1/2"]
[WhiteElo "2248"]
[BlackElo "2154"]
[PlyCount "21"]
[EventDate "2011.09.25"]

1. e4 c5 2. Nc3 e6 3. g3 Nc6 4. Bg2 Nf6 5. f4 d5 6. e5 Nd7 7. Nf3 Be7 8. O-O
O-O 9. h3 f6 10. exf6 Bxf6 11. d3 1/2-1/2

[Event "Druga liga Srbije grupa Vojvodina 2011"]
[Site "Vrbas"]
[Date "2011.09.25"]
[Round "1.5"]
[White "Pezelj, Sinisa"]
[Black "Medar, Zeljko"]
[Result "0-1"]
[WhiteElo "2146"]
[BlackElo "2219"]
[PlyCount "66"]
[EventDate "2011.09.25"]

1. Nf3 Nf6 2. c4 d6 3. d4 c6 4. Nc3 Bg4 5. e4 Nbd7 6. Be2 e5 7. O-O Be7 8. Be3
Qc7 9. Rc1 O-O 10. h3 Bh5 11. Nd2 Bxe2 12. Qxe2 Rfe8 13. f4 exd4 14. Bxd4 Bf8
15. Qf3 Re7 16. g4 Qa5 17. g5 Ne8 18. Qg4 a6 19. b4 Qxb4 20. Rb1 Qa5 21. Rxb7
Ne5 22. fxe5 Rxb7 23. e6 Qd8 24. Nf3 g6 25. Ne2 Qc8 26. Nf4 Ng7 27. exf7+ Rxf7
28. Qh4 Ne6 29. Bf6 Nxf4 30. Qxf4 Rb8 31. e5 Qe6 32. Nd4 dxe5 33. Qe4 Bc5 0-1

[Event "Druga liga Srbije grupa Vojvodina 2011"]
[Site "Vrbas"]
[Date "2011.09.25"]
[Round "1.5"]
[White "Torbica, Milos"]
[Black "Pezelj, Novak"]
[Result "1-0"]
[WhiteElo "2246"]
[BlackElo "2373"]
[PlyCount "77"]
[EventDate "2011.09.25"]

1. d4 d5 2. Nf3 c6 3. Bf4 Bf5 4. e3 e6 5. Ne5 Nd7 6. Nxd7 Qxd7 7. Be2 Nf6 8.
Nd2 Bd6 9. Bxd6 Qxd6 10. O-O e5 11. c3 O-O 12. Qb3 Rab8 13. Rfd1 exd4 14. cxd4
Rfe8 15. Rac1 Re7 16. Qc3 Rbe8 17. Qc5 Qb8 18. b4 Bg4 19. Bxg4 Nxg4 20. Nf1 Nf6
21. Ng3 Re6 22. a4 h5 23. h3 Rxe3 24. fxe3 Qxg3 25. Qc2 Qxe3+ 26. Qf2 Qb3 27.
b5 cxb5 28. a5 a6 29. Qf3 Qa2 30. Qf5 Qxa5 31. Rc8 Rxc8 32. Qxc8+ Kh7 33. Qf5+
Kh6 34. g4 hxg4 35. hxg4 Qc3 36. g5+ Kh5 37. gxf6+ g5 38. Kh2 Qb2+ 39. Kh3 1-0

[Event "Druga liga Srbije grupa Vojvodina 2011"]
[Site "Vrbas"]
[Date "2011.09.25"]
[Round "1.5"]
[White "Vujacic, Borivoje"]
[Black "Pletl, Akos"]
[Result "1/2-1/2"]
[WhiteElo "2299"]
[BlackElo "2251"]
[PlyCount "126"]
[EventDate "2011.09.25"]

1. e4 e5 2. Nf3 d6 3. d4 Nf6 4. Nc3 Nbd7 5. Bc4 Be7 6. O-O O-O 7. Re1 c6 8. a4
b6 9. Bg5 Qc7 10. d5 Bb7 11. dxc6 Bxc6 12. Bb5 Rfe8 13. Qd2 a6 14. Bxc6 Qxc6
15. Nd5 Nxd5 16. exd5 Qc7 17. Bxe7 Rxe7 18. Nd4 Ree8 19. Nc6 Rac8 20. b4 h6 21.
Ra3 Nf6 22. Rf3 Nxd5 23. Qxd5 Qxc6 24. Qxf7+ Kh8 25. Rg3 Rc7 26. Qg6 Rf8 27. c3
Rf6 28. Qc2 Rf4 29. Qd1 Rcf7 30. Re2 a5 31. Rd3 R7f6 32. Rb2 axb4 33. cxb4 Rc4
34. Rb1 Rc2 35. Rf3 Rxf3 36. gxf3 d5 37. Qd3 e4 38. fxe4 dxe4 39. Qg3 Rc3 40.
Qg4 Rf3 41. Re1 Qc2 42. Qxe4 Qxf2+ 43. Kh1 Rf4 44. Qe3 Qxe3 45. Rxe3 Rxb4 46.
Ra3 Rb2 47. a5 bxa5 48. Rxa5 Kh7 49. Ra6 h5 50. h3 g6 51. Kg1 Kh6 52. Ra5 Rc2
53. Rb5 Kg7 54. Rb6 Kf7 55. Ra6 Re2 56. Rb6 Re6 57. Rb7+ Kf6 58. Kg2 Kf5 59.
Kf3 g5 60. Rb5+ Re5 61. Rb8 g4+ 62. hxg4+ hxg4+ 63. Kf2 Kf4 1/2-1/2

[Event "Druga liga Srbije grupa Vojvodina 2011"]
[Site "Vrbas"]
[Date "2011.09.25"]
[Round "1.6"]
[White "Dekic, Josip"]
[Black "Popovic, Milos T"]
[Result "1/2-1/2"]
[WhiteElo "2306"]
[BlackElo "2390"]
[PlyCount "20"]
[EventDate "2011.09.25"]

1. e4 c5 2. Nf3 Nc6 3. d4 cxd4 4. Nxd4 g6 5. c4 Bg7 6. Be3 Nf6 7. Nc3 Ng4 8.
Qxg4 Nxd4 9. Qd1 e5 10. Bd3 O-O 1/2-1/2